Así va el mundo: cuentos orientales
Збережено в:
| Автор: | |
|---|---|
| Формат: | Книга |
| Мова: | Іспанська |
| Опубліковано: |
Madrid
Valdemar
1996
|
| Серія: | Colección Avatares, 22
|
| Предмети: | |
| Теги: |
Додати тег
Немає тегів, Будьте першим, хто поставить тег для цього запису!
|
MARC
| LEADER | 00000nam a2200000 a 4500 | ||
|---|---|---|---|
| 001 | UCR5452 | ||
| 003 | CL-VaPUC | ||
| 008 | 980327e19960000SP |||||||||||||||||spa|d | ||
| 082 | 0 | 4 | |a 843 |b VOL |2 21 |
| 100 | 0 | |a Voltaire |e author |9 314050 | |
| 245 | 1 | 0 | |a Así va el mundo: cuentos orientales |
| 300 | |a 350 p | ||
| 942 | |c BK | ||
| 945 | |d 19980327 00:00:00 |a rbrito | ||
| 260 | |a Madrid |b Valdemar |c 1996 | ||
| 650 | 7 | |a CUENTOS ARABES |2 CL-VaPUC |9 326580 | |
| 650 | 7 | |a LITERATURA ORIENTAL |2 CL-VaPUC |9 406399 | |
| 650 | 7 | |a CUENTOS ORIENTALES |2 CL-VaPUC |9 406400 | |
| 583 | |a last modification |c 19980327 00:00:00 |k Rodrigo Vera | ||
| 490 | 0 | |a Colección Avatares, 22 | |
| 999 | |c 268050 |d 268048 | ||
| 952 | |0 0 |1 0 |4 0 |6 843_000000000000000_VOL_1996 |7 0 |8 A |9 300920 |a BIBART |b BIBART |d 2019-11-20 |i 340742K |l 2 |m 1 |o 843 VOL 1996 |p 340742K |r 2025-03-13 |s 2024-09-26 |w 2019-11-20 |y BK |k ART | ||